LEADER 01007nam a2200289 i 4500 001 000000145209 003 CaOOAMICUS 005 20190924110655.0 008 051118s1991 it u000 u ita u 013 $a120601 020 $a88-15-03179-0 040 $aSeMil$bita 100 1 $aMcCarthy, Mary.$0(OLS)http://semarc/name/34119 245 14$aUna giovinezza americana /$cMary McCarthy. 260 $aBologna :$bIl Mulino,$ccopyr. 1991. 300 $a265 p., [4] p. di tav. ;$c21 cm. 490 0 $aStoria 500 $aFondo Ciprandi. 830 0$aStoria.$0(OLS)http://semarc/title/425847 850 $aSeMil 852 $aSeMil$W1$xVenegono$y1$m1W I 216$j98026$B98026$CSeMilBibl$Z2$F105915 $81 941 1 $a1 961 $aOmaggio: Ciprandi dott. Paolo 996 $6020$a88-15-03179-0$9(OLS)http://semarc/number/133647 996 $6245$aUna giovinezza americana$9(OLS)http://semarc/title/212398 996 $6260$aBologna :$bIl Mulino$9(OLS)http://semarc/publisher/29842 LEADER 00899nam a2200229 i 4500 001 000000225080 003 CaOOAMICUS 005 20131120000000.0 008 131120s1968 it u000 u fre u 013 $a203978 040 $aSeMil$bita 245 10$a[76-150] /$ctraduit de l'allemand par N. Boyer. 300 $a320 p. 490 0 $aVerbum Salutis 490 0 $aVerbum Salutis. Ancien Testament ;$v2 700 1 $aBoyer, N.$0(OLS)http://semarc/name/78264 773 0 $aDeissler, Alfons <1914-2005>$tLivre des Psaumes.$dParis : Beauchesne et fils, copyr. 1966-copyr. 1968.$g2$w()29162 830 0$aVerbum Salutis.$0(OLS)http://semarc/title/13440 830 0$aVerbum Salutis. Ancien Testament ;$v2.$0(OLS)http://semarc/title/39608 850 $aSeMil 852 $aSeMil$W1$xVenegono$y1$m2W I 280$j175426$B175426$CSeMilBibl$Z2$F185418 $81 996 $6245$a[76-150]$9(OLS)http://semarc/title/322455